00736nam a2200241 a 450000100100000000500170001000800410002702000150006804000250008308200180010810000360012624500630016226000310022530000280025649000120028450000420029650400510033865000250038965000250041465000170043965000260045683000120048200001930620200929165958.0100601s20uu dr ac 000 0 spa d a8430533486 aDO-SdBNPbspacBNPHU a787.87bV335g1 aVásquez de las Heras, Minerva13aLa guitarra eléctrica /cMinerva Vásquez de las Heras. aMadrid :bTikal Ediciones. a103 p. :bil. ;c26 cm.1 aMusical aIncluye notas al pie de las páginas aIncluye referencias bibliográficas ( p. 101) 4aGuitarra eléctrica 4aMusica para guitarra 4aGuitarristas 4aGuitarraxEnseñanza 0aMusical